000 00401nam a2200181Ia 4500
005 20240823033916.0
008 240823s9999||||xx |||||||||||||| ||und||
041 _aMALAYALAM
082 _A808.83 P4
100 _aNettiyadan
245 0 _aAalippazham Pozhiyum Kaalam
250 _a1st
260 _c2004
_bRishi
500 _aYES
650 _aNovel
_bEnglish
942 _cBK
999 _c196947
_d196947